| 000 | 01324nam a2200265Ia 4500 | ||
|---|---|---|---|
| 999 |
_c53485 _d53485 |
||
| 001 | 20531 | ||
| 003 | GE_BSU | ||
| 005 | 20210108215850.0 | ||
| 008 | 181216s1975||||ge |||||||||||||| ||geo|| | ||
| 040 | _cGE_BSU | ||
| 041 | _ageo | ||
| 080 | _a811.353.1-84(075.3=161.1) დ-15 | ||
| 100 |
_aდავითიანი, აკ. _99839 |
||
| 245 |
_aქართული ენა 3 კლ. : _bრუს. სკოლის მე-3 კლასის სახელმძღვ. / _cაკ. დავითიანი, ვ, მუშკუდიანი ; რედ. : მ. ასდათიანი, ე, ნევეროვსკაია. |
||
| 250 | _aმე-13 გამოცემა | ||
| 264 |
_aთბილისი : _bგანათლება, _c1975. |
||
| 300 |
_a143 გვ. : _bილ. ; _c23 სმ. |
||
| 541 | _h22 თ. | ||
| 653 | _aრუსული სკოლის მე-3 კლასის სახელმძღანელო | ||
| 653 | _aქართული ენა 3 კლასი | ||
| 700 |
_aმუშკუდიანი, ვ. _eავტორი _99545 |
||
| 700 |
_aასდათიანი, მ. _eრედაქტორი _910010 |
||
| 700 |
_aნევეროვსკაია, ე. _eრედაქტორი _910011 |
||
| 942 |
_cBK _2udc |
||